Next Level Supply Management Excellence (Record no. 350508)

000 -LEADER
fixed length control field 00570nam a22001937a 4500
003 - CONTROL NUMBER IDENTIFIER
control field OSt
005 - DATE AND TIME OF LATEST TRANSACTION
control field 20180116183019.0
008 - FIXED-LENGTH DATA ELEMENTS--GENERAL INFORMATION
fixed length control field 151029b xxu||||| |||| 00| 0 eng d
020 ## - INTERNATIONAL STANDARD BOOK NUMBER
International Standard Book Number 9788131521984
040 ## - CATALOGING SOURCE
Transcribing agency 0
082 ## - DEWEY DECIMAL CLASSIFICATION NUMBER
Classification number 658.7 RUD 2011
100 ## - MAIN ENTRY--PERSONAL NAME
Personal name Robert A. Rudzki
245 ## - TITLE STATEMENT
Title Next Level Supply Management Excellence
Remainder of title Your Straight to the Bottom line Roadmap
Statement of responsibility, etc. Robert A. Rudzki
260 ## - PUBLICATION, DISTRIBUTION, ETC.
Place of publication, distribution, etc. India
Name of publisher, distributor, etc. Cengage learning
Date of publication, distribution, etc. 2011
300 ## - PHYSICAL DESCRIPTION
Extent 414 p.
Other physical details HB
440 ## - SERIES STATEMENT/ADDED ENTRY--TITLE
Title Next Level Supply Management Excellence
600 ## - SUBJECT ADDED ENTRY--PERSONAL NAME
Personal name Robert A. Rudzki
942 ## - ADDED ENTRY ELEMENTS (KOHA)
Source of classification or shelving scheme
Koha item type Book
Holdings
Withdrawn status Lost status Source of classification or shelving scheme Damaged status Not for loan Collection code Permanent Location Current Location Shelving location Date acquired Total Checkouts Full call number Barcode Date last seen Price effective from Koha item type
            Central Library (CL) Central Library (CL) General Stacks 10/29/2015   658.7 RUD 2011 NBS9617 10/29/2015 10/29/2015 Book
© 2023 Central Library, National University of Sciences and Technology. All Rights Reserved.